La mujer única / (Record no. 193380)

MARC details
000 -LEADER
campo de control de longitud fija 01820nam a2200373 i 4500
001 - NÚMERO DE CONTROL
campo de control 193380
003 - IDENTIFICADOR DE NÚMERO DE CONTROL
campo de control ES-MaACL
005 - FECHA Y HORA DE LA ÚLTIMA TRANSACCIÓN
campo de control 20240902063039.0
007 - CAMPO FIJO DE DESCRIPCIÓN FÍSICA--INFORMACIÓN GENERAL
campo de control de longitud fija ta
008 - DATOS DE LONGITUD FIJA--INFORMACIÓN GENERAL
campo de control de longitud fija 231113b sp ||||| |||| 00| 0 spa d
017 ## - NÚMERO DE COPYRIGHT O DE DEPÓSITO LEGAL
Número de copyright o de depósito legal M 26523-2023
Agencia que asigna Oficina Depósito Legal Madrid
020 ## - NÚMERO INTERNACIONAL ESTÁNDAR DEL LIBRO
Número Internacional Estándar del Libro 9788419899453
Información calificativa ISBN edición digital
020 ## - NÚMERO INTERNACIONAL ESTÁNDAR DEL LIBRO
Número Internacional Estándar del Libro 9788419899446
Información calificativa ISBN edición papel
040 ## - FUENTE DE CATALOGACIÓN
Lengua de catalogación spa
Centro/agencia transcriptor ES-MaACL
080 ## - NÚMERO DE LA CLASIFICACIÓN DECIMAL UNIVERSAL
Número de la Clasificación Decimal Universal 821.134.2-31"19"
100 1# - ENTRADA PRINCIPAL--NOMBRE DE PERSONA
Nombre de persona Mateos Sainz de Medrano, Vicente
Término indicativo de función/relación Autor
9 (RLIN) 234550
245 13 - MENCIÓN DEL TÍTULO
Título La mujer única /
Mención de responsabilidad, etc. Vicente Mateos Sainz de Medrano
250 ## - MENCION DE EDICION
Mención de edición Primera edición: agosto 2023
260 ## - PUBLICACIÓN, DISTRIBUCIÓN, ETC.
Lugar de publicación, distribución, etc. Madrid :
Nombre del editor, distribuidor, etc. Adarve,
Fecha de publicación, distribución, etc. 2023
300 ## - DESCRIPCIÓN FÍSICA
Extensión 401 páginas ;
Dimensiones 23 cm
336 ## - TIPO DE CONTENIDO
Fuente rdacontent
Término de tipo de contenido Texto
337 ## - TIPO DE MEDIO
Fuente rdamedia
Nombre/término del tipo de medio sin mediación
338 ## - TIPO DE SOPORTE
Fuente rdacarrier
Nombre/término del tipo de soporte volumen
520 ## - RESUMEN, ETC.
Sumario, etc. Novela de intriga psicológica que adentra al lector en la disección del sentimiento amoroso, de la belleza y del castigo que supone en una sociedad machista, que sufre en su piel la protagonista condicionando de manera terrible y para siempre su vida, tras ser detenida en la España postfranquista (1979). Trauma que afecta a la relación que restablece con un amor del pasado que deriva en una diatriba moral con un final inesperado y sorprendente.
655 #0 - TERMINO DE INDIZACIÓN--GENERO/FORMA
9 (RLIN) 233883
Datos o término principal de género/forma Novelas psicológicas
852 ## - LOCALIZACIÓN
Ubicación ES-MaACL
Sublocalización o colección R. 154778
Ubicación en estantería Depósito J
Número de control de estantería N-9535
itemnumber 200826
Anotaciones manuscritas Dedicatoria autógrafa del autor
Donativo/Legado Donación: Vicente Mateos Sainz de Medrano
Encuadernación Encuadernación rústica con solapas
903 ## - NOMBRE PERSONAL DE DONANTE
a Mateos Sainz de Medrano, Vicente
e Donante
9 234550
942 ## - ELEMENTOS DE ENTRADA SECUNDARIOS (KOHA)
Suprimir en OPAC No
Tipo de ítem Koha Libro impreso
Holdings
Estatus retirado Estado de pérdida Fuente del sistema de clasificación o colocación Estado de daño No para préstamo Biblioteca de origen Biblioteca actual Ubicación en estantería Fecha de adquisición Fuente de adquisición Número de control de estantería Total de préstamos Signatura topográfica completa Código de barras Visto por última vez Tipo de ítem Koha Nota pública
    Clasificación decimal universal     Biblioteca del Ateneo de Madrid Biblioteca del Ateneo de Madrid Depósito J 13/11/2023 Donación Ateneísta   N-9535 101206084 13/11/2023 Libro impreso Dedicatoria autógrafa del autor